Lowest countries by elevation - Statistics

General Stats
  • This quiz has been taken 11 times
  • The average score is 4 of 10
Answer Stats
Hint Answer % Correct
30 M the netherlands
90%
34 M denmark
70%
1.8 M maldives
70%
61 M estonia
40%
85 M bangladesh
30%
34 M the gambia
30%
28 M qatar
20%
70 M guinea-bissau
10%
83 M trinidad and tobago
10%
69 M senegal
0%
No matching quizzes found
Score Distribution
Percent of People with Each Score
Percentile by Number Answered
Your Score History
You have not taken this quiz